Statistics for NBA 4-point play leaders, all time

Click here to take the quiz!

General Stats

  • This quiz has been taken 174 times
  • The average score is 7 of 10

Answer Stats

Number of 4 point playsPlayer% Correct
17Stephen Curry
98%
36James Harden
94%
23Reggie Miller
85%
13Ray Allen
82%
54Jamal Crawford
78%
17Kobe Bryant
65%
14Kevin Durant
63%
25JJ Redick
55%
14Dirk Nowitzki
48%
10Allen Iverson
42%

Score Distribution

Percentile by Number Answered

Percent of People with Each Score

Your Score History

You have not taken this quiz